书目信息 |
| 题名: |
新经济地理学视角下的产业集聚机制研究:兼论近十多年我国区域经济差异的成因
|
|
| 作者: | 殷广卫 著 | |
| 分册: | ||
| 出版信息: | 上海 上海人民出版社 2011 |
|
| 页数: | 382页 | |
| 开本: | 20cm | |
| 丛书名: | ||
| 单 册: | ||
| 中图分类: | F121.3 | |
| 科图分类: | ||
| 主题词: | 经济--中国 | |
| 电子资源: | ||
| ISBN: | 7-208-10021-7 | |
| 000 | 00733nam0 2200193 450 | |
| 001 | 2237809369 | |
| 005 | 20221011103510.20 | |
| 010 | @a7-208-10021-7@dCNY46.00 | |
| 100 | @a20221011d2011 km y0chiy0120 ea | |
| 101 | 0 | @achi |
| 102 | @aCN@b310000 | |
| 200 | 1 | @a新经济地理学视角下的产业集聚机制研究:兼论近十多年我国区域经济差异的成因@AXin Jing Ji Di Li Xue Shi Jiao Xia De Chan Ye Ji Ju Ji Zhi Yan Jiu:Jian Lun Jin Shi Duo Nian Wo Guo Qu Yu Jing Ji Cha Yi De Cheng Yin@f殷广卫著@FYin Guang Wei Zhu |
| 210 | @a上海@c上海人民出版社@d2011 | |
| 215 | @a382页@d20cm | |
| 606 | 0 | @a经济@x中国 |
| 690 | @aF121.3@v4 | |
| 701 | 0 | @a殷广卫@AYin Guang Wei@4著 |
| 801 | 0 | @aCN@b大连网信软件有限公司图书馆·11@c20221011 |
| 905 | @aZUCC@dF121.3@eZY10 | |
| 新经济地理学视角下的产业集聚机制研究:兼论近十多年我国区域经济差异的成因/殷广卫著.-上海:上海人民出版社,2011 |
| 382页;20cm |
| ISBN 7-208-10021-7:CNY46.00 |
| ● |
| 相关链接 |
|
|
|
|
正题名:新经济地理学视角下的产业集聚机制研究:兼论近十多年我国区域经济差异的成因
索取号:F121.3/ZY10
 
预约/预借
| 序号 | 登录号 | 条形码 | 馆藏地/架位号 | 状态 | 备注 |
| 1 | 7905167 | 279051678 | 密集书库-资源管理系/ [索取号:F121.3/ZY10] | 在馆 |